000 01166nam a2200301 i 4500
001 189027
003 SpMaBN
005 20251114150243.0
008 190321s2017 sp a |||| | spa d
020 _a978-84-697-2651-8
080 _a658.1:37(460)
080 _a37.091.64(460)"19"
100 1 _aGarcía Delgado, José Luis.
_954528
245 1 0 _aEmpresarios y bachilleres
_b: la imagen del empresario en los libros de texto /
_cJosé Luis García Delgado, Juan Carlos Jiménez, Manuel Martín Rodríguez.
260 _a[Madrid] :
_bCírculo de Empresarios,
_c2017.
300 _a142 p. :
_bil. ;
_c24 cm.
504 _aBibliografía: p. 139-142.
596 _aEn port.: "40 aniversario Círculo de Empresarios"
650 0 7 _aEconomía-
_xEnseñanza-
_zEspaña.
_9162871
650 _aLibros de texto-
_zEspaña.
_9162872
700 1 _aJiménez, Juan Carlos,
_d1959-
_9157016
700 1 _aMartín Rodríguez, Manuel.
_977634
710 2 _aCírculo de Empresarios.
_92821
852 _aES-MaACL
_jA-14417
_9 196163
_bR.151833
_cDEPO1
_dOlim: N-7417
942 _2udc
_cMONOGRAFIA
999 _c189027
_d189027